000 00548nam a22001697a 4500
003 MACL
005 20160723145847.0
008 160723b xxu||||| |||| 00| 0 eng d
040 _cMACL
041 _aHindi
082 _a891.437 GHO
100 _aघोंघी, लतीफ
_965098
245 _aकिस्‍सा दाढी का
_cलतीफ घोंघी
260 _aनई दिल्‍ली
_bनवसाक्षर प्रकाशन
_c2014
650 _aव्‍यंग्‍य
_965099
942 _2ddc
_cHIN
999 _c54795
_d54795